000 00550nam a22001697a 4500
005 20251108165527.0
008 250721s1985 xx 000 0 ara d
082 1 4 _aم/262.9/مجم
100 1 _aكساب، حنانيا إلياس
_eحقق
245 1 0 _aمجموعة الشرع الكنيسي أو قوانين الكنيسة المسيحية الجامعة /
264 1 _aبيروت :
_bمنشورات النور،
_c1985.
300 _a1029ص
650 1 7 _aالكنائس
650 1 7 _aالمسيحية
942 _2ddc
_cREF
999 _c30024
_d30024